Politics in Pakistan ( A Study of Rise and Fall of Z.A. Bhutto) (Record no. 6572)

MARC details
000 -LEADER
fixed length control field 00631nam a2200241 a 4500
020 ## - INTERNATIONAL STANDARD BOOK NUMBER
ISBN
082 00 - DEWEY DECIMAL CLASSIFICATION NUMBER
Classification number 320.95491
Author Cutter KAU1
100 ## - MAIN ENTRY--AUTHOR NAME
Author name Kaushik, S Nath
245 ## - TITLE STATEMENT
Title Politics in Pakistan ( A Study of Rise and Fall of Z.A. Bhutto)
260 ## - PUBLICATION, DISTRIBUTION, ETC. (IMPRINT)
Place of publication Jaipur
Name of publisher Aalekh Publisher
Year of publication 1985
300 ## - PHYSICAL DESCRIPTION
Number of Pages 152p
500 ## - GENERAL NOTE
General note includes index and biblioraphy
505 2# - FORMATTED CONTENTS NOTE
Formatted contents note Appendix
650 ## - SUBJECT ADDED ENTRY--TOPICAL TERM
Topical Term Pakistan-Politics and Government
942 ## - ADDED ENTRY ELEMENTS (KOHA)
Koha item type Books
700 1# -
-- Kaushik, S Nath
Holdings
Collection code Home library Current library Date acquired Cost, normal purchase price Full call number Accession Number Koha item type
  Henry Martyn Institute Library Henry Martyn Institute Library 08/01/2007 80.00 320.95491 KAU1 012772 Books
                   Copyright © 2026 | Henry Martyn Institute | Hyderabad | TS-500052 | INDIA | Implemented by hmi.edu.in
Hit-Count:

Powered by Koha